000 00826nam a2200205Ia 4500
003 OSt
005 20250729160643.0
008 191128s2018 ck er 000 h spa d
020 _a9789588997841
040 _aCO-JMCR
_cCO-JMCR
041 0 _aspa
082 0 4 _aJ-C
_bBOGb
245 1 0 _aBogotá Cuenta :
_bentre calles y letras /
260 _aBogotá :
_bInstituto Distrital de las artes-Idartes,
_c2018
300 _a159 páginas ;
_c24 cm.
505 _aCuento -- Novela -- Poesía --Crónica
520 _aLo que usted está a punto de leer en estas páginas es resultado del trabajo de treinta asistentes a la res de talleres locales de escritura (2016) y los talleres distritales de cuento, novela y crónica (2017) que ofrece idartes cada año.
650 1 4 _aCrónicas Bogotanas
_xcuentos
_92391
942 _2ddc
_cBK
999 _c4208
_d4208